| 000 | 00789nam a2200205Ia 4500 | ||
|---|---|---|---|
| 003 | OSt | ||
| 005 | 20251219154342.0 | ||
| 008 | Pun | ||
| 037 | _cTB | ||
| 040 |
_aARTS _cARTS _bPun |
||
| 041 |
_2Pun _aPun |
||
| 084 |
_aO44,1:g 153Q0 _qAL |
||
| 100 |
_aਧਾਲੀਵਾਲ, ਪੇ੍ਰਮ ਪ੍ਰਕਾF ਸਿੰਘ _9168536 |
||
| 245 | 0 | _aਭਾਰਤੀ ਕਾਵਿ Fਾਸਤ੍ਰ | |
| 260 |
_aਪਟਿਆਲਾ _b ਮਦਾਨ ਪਬਲਿਕੇFਨਗ਼ _c2010 |
||
| 650 |
_a ਭਾਰਤੀਯ ਕਾਵਿ Fਾਸਤ੍ਰ _9168537 |
||
| 650 |
_aਭਾਰਤੀ ਸਾਹਿਤ _9858165 |
||
| 942 |
_hO44,1:g, 153Q0 _cTB _2CC _n0 |
||
| 999 |
_c376847 _d376847 |
||